000 00961nam a2200229Ia 4500
001 821-COW wi se (11167)
003 IT-MiSPE
008 171229s9999||||xx |||||||||||||| ||und||
040 _aIT-MiSPE
_cIT-MiSPE
041 _aINGLESE
100 _aWilliam Cowper
245 0 _aSelected Poems
250 _a1a ed. (v)
260 _aManchester
_bFyfield
_c1988
300 _a119 p.
_c20 cm
501 _aEdizioni San Paolo srl - Piazza Soncino, 5 - 20092 CINISELLO BALSAMO (MI) (non commercial uses only) ® Copyright 2018
520 _aNick Rhodes (intr., note)
700 _aNick Rhodes
942 _cBK
957 _71
999 _a17375
_bNO
_g Copie: 1
_c352756
_d352756